| 000 | 00892nam a2200253Ia 4500 | ||
|---|---|---|---|
| 003 | OSt | ||
| 005 | 20220923212958.0 | ||
| 006 | a|||||r|||| 00| 0 | ||
| 007 | ta | ||
| 008 | 220922b |||||||| |||| 00| 0 hin d | ||
| 024 | _a157,760 | ||
| 037 | _cTextual | ||
| 040 |
_aARTS _cARTS _bhin |
||
| 041 |
_2hin _ahin |
||
| 082 | _aO152,1vN7, L3 | ||
| 100 | _aचतुर्वेदी, बरसानेलाल | ||
| 245 | 0 | _aआधुनिक हिन्दी काव्य में व्यंग्य | |
| 246 | _aĀdhunik hindī kāvya mean vyangya | ||
| 260 |
_aदिल्ली _b प्रभात प्रकाशन _c1973 |
||
| 300 |
_a181 पृ. _ccm. |
||
| 650 |
_aहिन्दी साहित्य _9156264 |
||
| 942 |
_hO152,1vN7, L3 _cTEXL _2CC |
||
| 999 |
_c312842 _d312842 |
||